| 000 | 00461nam a2200181Ia 4500 | ||
|---|---|---|---|
| 001 | 4592 | ||
| 005 | 20260306145807.0 | ||
| 008 | 260306t2019||||xx |||||||||||||| ||spa|| | ||
| 041 | _aESP | ||
| 082 |
_a327.1 _bN86 |
||
| 100 |
_aNovak, Fabián _eAUT |
||
| 245 | 0 | _aTiempos de transición. La conformación de un nuevo orden internacional | |
| 260 | _c2019 | ||
| 300 |
_a193 páginas : _c24 cm. |
||
| 650 | _aGEN | ||
| 654 | _aCHU | ||
| 942 |
_cLIB _dJUS _fJUS _2ddc _n |
||
| 999 |
_c4592 _d4592 |
||